[Event "USA-chT College final"]
[Site "Richardson"]
[Date "2025.04.05"]
[Round "1"]
[White "Kacharava, Nikoloz"]
[Black "Daggupati, Balaji"]
[Result "1-0"]
[WhiteElo "2521"]
[BlackElo "2461"]
[PlyCount "95"]
[EventDate "2025.04.05"]
[EventType "team-tourn"]
[EventRounds "3"]
[EventCountry "USA"]
[SourceTitle "CB15_2025"]
[SourceDate "2025.04.09"]
[SourceVersion "1"]
[SourceVersionDate "2025.04.09"]
[SourceQuality "1"]
[WhiteTeam "Saint Louis Univ"]
[BlackTeam "Texas Dallas Univ"]
[WhiteTeamCountry "USA"]
[BlackTeamCountry "USA"]

1. e4 c5 2. Nf3 Nc6 3. Bb5 Qc7 4. 0-0 e5 5. d3 Nf6 6. Bg5 Be7 7. Nc3 0-0 8. Bxf6 Bxf6 9. Nd5 Qd8 10. Qd2 d6 11. h3 h6 12. a4 Be6 13. Bc4 Kh7 14. a5 g6 15. a6 b6 16. c3 Bg7 17. b4 Qd7 18. Qa2 Rae8 19. Bb5 Qc8 20. Qa4 Bd7 21. Nd2 Rd8 22. Nc4 Bxh3 23. gxh3 Qxh3 24. Qd1 f5 25. Nce3 h5 26. exf5 gxf5 27. Bxc6 f4 28. Nxf4 exf4 29. Bg2 Qh4 30. Be4+ Kh8 31. Ng2 Qh3 32. Qf3 Qxf3 33. Bxf3 Bxc3 34. Rab1 cxb4 35. Nh4 Rg8+ 36. Kh1 Kg7 37. Bd5 Rge8 38. Rg1+ Kf6 39. Rg6+ Ke5 40. Bf7 d5 41. Nf3+ Kf5 42. Rbg1 Bf6 43. Nd4+ Ke5 44. Nc6+ Kf5 45. Nd4+ Ke5 46. Nc6+ Kf5 47. Bxe8 Rxe8 48. Nxb4 1-0

[Event "Titled Tuesday intern op 25th Mar Early"]
[Site "Chess.com INT"]
[Date "2025.03.25"]
[Round "5"]
[White "Makarian, Rudik"]
[Black "Daggupati, Balaji"]
[Result "0-1"]
[WhiteElo "2547"]
[BlackElo "2461"]
[PlyCount "66"]
[EventDate "2025.03.25"]
[EventType "swiss (blitz)"]
[EventRounds "11"]
[EventCountry "USA"]
[SourceTitle "CB14_2025"]
[SourceDate "2024.11.01"]
[SourceVersion "1"]
[SourceVersionDate "2024.11.01"]
[SourceQuality "1"]

1. d4 d5 2. c4 dxc4 3. Nf3 Nf6 4. e3 e6 5. Bxc4 a6 6. 0-0 Be7 7. Nbd2 0-0 8. b3 b6 9. Bb2 Bb7 10. Qe2 c5 11. dxc5 Bxc5 12. Rfd1 Nbd7 13. Rac1 b5 14. Bd3 Qb6 15. Ng5 h6 16. Nge4 Be7 17. Bd4 Qa5 18. Qf3 e5 19. Nxf6+ Bxf6 20. Qxb7 exd4 21. Qxd7 dxe3 22. Ne4 exf2+ 23. Kf1 Bb2 24. Rb1 Rad8 25. Qf5 g6 26. Qxf2 Bd4 27. Qd2 Qc7 28. Qxh6 Rd5 29. g3 Rh5 30. Qf4 Rf5 31. Qxf5 gxf5 32. Nd2 Qc6 33. Bxf5 Re8 0-1

[Event "US Masters op"]
[Site "Charlotte"]
[Date "2024.11.30"]
[Round "6"]
[White "Daggupati, Balaji"]
[Black "Jacobson, Brandon"]
[Result "1/2-1/2"]
[WhiteElo "2465"]
[BlackElo "2583"]
[PlyCount "117"]
[EventDate "2024.11.27"]
[EventType "swiss"]
[EventRounds "9"]
[EventCountry "USA"]
[SourceTitle "CB49_2024"]
[SourceDate "2024.12.04"]
[SourceVersion "1"]
[SourceVersionDate "2024.12.04"]
[SourceQuality "1"]

1. e4 c5 2. Nf3 Nc6 3. Bb5 d6 4. d4 cxd4 5. Qxd4 a6 6. Bxc6+ bxc6 7. 0-0 e5 8. Qd3 Ne7 9. Rd1 Ng6 10. Na3 f6 11. Nc4 d5 12. exd5 cxd5 13. Qb3 Be6 14. Nb6 Rb8 15. Qa4+ Kf7 16. Nxd5 Bxd5 17. c4 Rb4 18. Rxd5 Qxd5 19. Qxb4 Bxb4 20. cxd5 Ne7 21. Bd2 Nxd5 22. Rc1 Rb8 23. Rc2 e4 24. Nd4 Bxd2 25. Rxd2 Rc8 26. g3 g6 27. Re2 Rc4 28. Nc2 f5 29. Rd2 Ke6 30. f3 Rc8 31. Kf2 Nf6 32. Nd4+ Kf7 33. Ne2 Ke6 34. Rd4 exf3 35. Kxf3 Ng4 36. Nf4+ Ke7 37. Rd2 Rc1 38. Nd5+ Ke6 39. Nf4+ Ke7 40. Nd5+ Kf7 41. Re2 Rc5 42. Nc3 Kf6 43. h3 Ne5+ 44. Ke3 Ke6 45. a3 g5 46. Kf2 h5 47. Rd2 Nc4 48. Re2+ Kf6 49. b4 Re5 50. Na4 Rd5 51. Nc5 a5 52. Nb3 axb4 53. axb4 Ne5 54. Nc5 Rd4 55. Rb2 Rc4 56. Rd2 Rxb4 57. Rd6+ Kf7 58. Rd5 Rb2+ 59. Ke3 1/2-1/2

[Event "Titled Tuesday intern op 03rd Sep Late"]
[Site "Chess.com INT"]
[Date "2024.09.03"]
[Round "2"]
[White "Wartiovaara, Oliver"]
[Black "Daggupati, Balaji"]
[Result "0-1"]
[WhiteElo "2300"]
[BlackElo "2465"]
[PlyCount "48"]
[EventDate "2024.09.03"]
[EventType "swiss (blitz)"]
[EventRounds "11"]
[EventCountry "USA"]
[SourceTitle "EXT 2025"]
[Source "ChessBase"]
[SourceDate "2024.10.14"]
[SourceVersion "1"]
[SourceVersionDate "2024.10.14"]
[SourceQuality "1"]

1. d4 d5 2. Nf3 Nf6 3. Bf4 c5 4. e3 Nc6 5. Nbd2 cxd4 6. exd4 Bg4 7. c3 e6 8. Qb3 Bd6 9. Bxd6 Qxd6 10. Bd3 0-0 11. 0-0 Rab8 12. a4 b6 13. Rae1 Bh5 14. Ne5 Bg6 15. Bxg6 hxg6 16. f4 Na5 17. Qd1 b5 18. axb5 Rxb5 19. b4 Nb7 20. Qa4 Qb6 21. Rb1 Rc8 22. Nb3 Rxc3 23. Nc5 Nd6 24. Qa1 Rxb4 0-1

[Event "USA-ch U20"]
[Site "Saint Louis"]
[Date "2024.07.22"]
[Round "6"]
[White "Wang, Jason"]
[Black "Daggupati, Balaji"]
[Result "1-0"]
[WhiteElo "2425"]
[BlackElo "2480"]
[PlyCount "105"]
[EventDate "2024.07.16"]
[EventType "tourn"]
[EventRounds "9"]
[EventCountry "USA"]
[EventCategory "9"]
[SourceTitle "EXT 2025"]
[Source "ChessBase"]
[SourceDate "2024.10.14"]
[SourceVersion "1"]
[SourceVersionDate "2024.10.14"]
[SourceQuality "1"]

1. d4 d5 2. c4 c6 3. Nf3 Nf6 4. g3 Bg4 5. Ne5 Bf5 6. cxd5 cxd5 7. Nc3 Nc6 8. Qa4 Bd7 9. Nxd7 Qxd7 10. Bg5 e6 11. Bxf6 gxf6 12. a3 a6 13. e3 Bd6 14. Bd3 f5 15. Rc1 Rc8 16. Ke2 0-0 17. f4 Kh8 18. Kf2 b5 19. Qd1 Qd8 20. Qh5 Qf6 21. Nxd5 Qg7 22. Nc3 Nxd4 23. exd4 Qxd4+ 24. Ke2 Bxa3 25. bxa3 Rxc3 26. Rxc3 Qxc3 27. Rd1 Qxa3 28. g4 Qb2+ 29. Rd2 Qg7 30. gxf5 Qg2+ 31. Ke3 Qg1+ 32. Kf3 Qh1+ 33. Kf2 Rg8 34. fxe6 Rg2+ 35. Ke3 Rg3+ 36. Kd4 Qg1+ 37. Kd5 fxe6+ 38. Kc6 Qh1+ 39. Kb6 Qg1+ 40. Kxa6 Rg7 41. Qe5 Qa7+ 42. Kxb5 Qb7+ 43. Kc4 Qc6+ 44. Kb4 Kg8 45. Bc4 Rb7+ 46. Kc3 Rc7 47. Rd8+ Kf7 48. Qf5+ Kg7 49. Qg5+ Kf7 50. Qg8+ Kf6 51. Rf8+ Ke7 52. Rf7+ Kd6 53. Qf8+ 1-0

[Event "USA-ch U20"]
[Site "Saint Louis"]
[Date "2024.07.18"]
[Round "3"]
[White "Daggupati, Balaji"]
[Black "Liang, Jason"]
[Result "1-0"]
[WhiteElo "2480"]
[BlackElo "2412"]
[PlyCount "117"]
[EventDate "2024.07.16"]
[EventType "tourn"]
[EventRounds "9"]
[EventCountry "USA"]
[EventCategory "9"]
[SourceTitle "EXT 2025"]
[Source "ChessBase"]
[SourceDate "2024.10.14"]
[SourceVersion "1"]
[SourceVersionDate "2024.10.14"]
[SourceQuality "1"]

1. e4 c6 2. d4 d5 3. e5 Bf5 4. h4 h5 5. Bd3 Qd7 6. Ne2 Bxd3 7. Qxd3 c5 8. c3 Nc6 9. 0-0 e6 10. Nd2 Nge7 11. Nf3 Ng6 12. Bg5 cxd4 13. cxd4 Be7 14. g3 0-0 15. Bxe7 Ncxe7 16. Ng5 f6 17. exf6 Rxf6 18. Rae1 Raf8 19. Nc3 Rc8 20. Qe2 Nf8 21. Qxh5 Rc4 22. Nf3 Rf5 23. Qg4 Nc6 24. Re3 Nh7 25. Rfe1 Qf7 26. b3 Rb4 27. Ne5 Nxe5 28. Rxe5 Rxf2 29. Qxe6 Rxd4 30. Qxf7+ Rxf7 31. Nxd5 Rd7 32. Nf4 Kf7 33. Kg2 b6 34. Kh3 Nf6 35. h5 a5 36. Rb5 Rb4 37. Rxb4 axb4 38. Re5 Rd2 39. Rb5 Nd7 40. Rd5 Rxd5 41. Nxd5 Ke6 42. Nxb4 Kf5 43. Kh4 Ne5 44. Nd5 Nf3+ 45. Kh3 b5 46. a4 bxa4 47. bxa4 Ng5+ 48. Kg2 Ne6 49. a5 Ke5 50. Nb4 Kf5 51. a6 Nc7 52. Kf3 Kg5 53. g4 Nb5 54. Nc6 g6 55. hxg6 Kxg6 56. a7 Nc7 57. Ne7+ Kg5 58. Nd5 Na8 59. Kg3 1-0

[Event "USA-ch U20"]
[Site "Saint Louis"]
[Date "2024.07.16"]
[Round "1"]
[White "Daggupati, Balaji"]
[Black "Woodward, Andy"]
[Result "0-1"]
[WhiteElo "2480"]
[BlackElo "2523"]
[PlyCount "104"]
[EventDate "2024.07.16"]
[EventType "tourn"]
[EventRounds "9"]
[EventCountry "USA"]
[EventCategory "9"]
[SourceTitle "EXT 2025"]
[Source "ChessBase"]
[SourceDate "2024.10.14"]
[SourceVersion "1"]
[SourceVersionDate "2024.10.14"]
[SourceQuality "1"]

1. e4 c5 2. Nf3 d6 3. d4 cxd4 4. Nxd4 Nf6 5. Nc3 a6 6. f3 e5 7. Nb3 Be6 8. Be3 h5 9. Nd5 Bxd5 10. exd5 Nbd7 11. Qd2 g6 12. 0-0-0 Bg7 13. Kb1 b5 14. Na5 Nb6 15. Nc6 Qc7 16. c4 Nxc4 17. Bxc4 bxc4 18. Rc1 Qb7 19. Rxc4 Qb5 20. Rhc1 Qxd5 21. Qb4 Qd3+ 22. Ka1 0-0 23. R4c3 Qe2 24. Qxd6 Qxg2 25. h4 Rae8 26. Bg5 Re6 27. Qd1 Rfe8 28. R1c2 Qh3 29. Ra3 Nh7 30. Be3 e4 31. f4 Qxh4 32. Qg1 Rd6 33. Rxa6 Qf6 34. Rb6 Nf8 35. Qc1 Ra8 36. Kb1 Qe6 37. a3 Qd7 38. Ne7+ Kh7 39. Rxd6 Qxd6 40. Nc6 Qe6 41. Nd4 Qa6 42. Rc4 Rb8 43. b4 Nd7 44. Ka2 Qd6 45. Nb3 Qe6 46. Qc2 Nf6 47. Bd4 e3 48. Rc6 Qe8 49. Rc3 e2 50. Bf2 e1Q 51. Bxe1 Qxe1 52. Rc7 Qe6 0-1

[Event "Las Vegas National op"]
[Site "Las Vegas"]
[Date "2024.06.09"]
[Round "9"]
[White "Narayanan, Samrug"]
[Black "Daggupati, Balaji"]
[Result "1/2-1/2"]
[WhiteElo "2335"]
[BlackElo "2490"]
[PlyCount "85"]
[EventDate "2024.06.03"]
[EventType "swiss"]
[EventRounds "9"]
[EventCountry "USA"]
[SourceTitle "CBM 220 Extra"]
[Source "ChessBase"]
[SourceDate "2024.07.31"]
[SourceVersion "1"]
[SourceVersionDate "2024.07.31"]
[SourceQuality "1"]

1. e4 c5 2. Nf3 Nc6 3. d4 cxd4 4. Nxd4 Nf6 5. Nc3 e5 6. Ndb5 d6 7. Bg5 a6 8. Na3 b5 9. Nd5 Be7 10. Bxf6 Bxf6 11. c3 Bb7 12. Nc2 Ne7 13. Nxf6+ gxf6 14. Bd3 d5 15. Qe2 f5 16. f3 dxe4 17. fxe4 fxe4 18. Bxe4 Bxe4 19. Qxe4 Qd5 20. Qxd5 Nxd5 21. g3 f6 22. 0-0-0 Rd8 23. Rd2 Nc7 24. Rhd1 Rxd2 25. Rxd2 Ke7 26. Ne3 Ke6 27. Kc2 h5 28. b3 f5 29. c4 bxc4 30. bxc4 h4 31. Rf2 hxg3 32. hxg3 Rh5 33. g4 fxg4 34. Nxg4 Kd6 35. Rd2+ Kc5 36. Kc3 Rh3+ 37. Rd3 Rxd3+ 38. Kxd3 e4+ 39. Kxe4 Kxc4 40. Ne5+ Kb4 41. Kd3 Ka3 42. Nc6 Kxa2 43. Nb4+ 1/2-1/2

[Event "Las Vegas National op"]
[Site "Las Vegas"]
[Date "2024.06.09"]
[Round "7"]
[White "Vigorito, David"]
[Black "Daggupati, Balaji"]
[Result "1/2-1/2"]
[WhiteElo "2238"]
[BlackElo "2490"]
[PlyCount "88"]
[EventDate "2024.06.03"]
[EventType "swiss"]
[EventRounds "9"]
[EventCountry "USA"]
[SourceTitle "CBM 220 Extra"]
[Source "ChessBase"]
[SourceDate "2024.07.31"]
[SourceVersion "1"]
[SourceVersionDate "2024.07.31"]
[SourceQuality "1"]

1. Nf3 d5 2. d4 Nf6 3. c4 c6 4. Nc3 dxc4 5. a4 a5 6. e4 Bg4 7. Bxc4 e6 8. Be3 Bb4 9. Qc2 Nbd7 10. 0-0 Bxf3 11. gxf3 Nh5 12. Kh1 Qf6 13. Be2 e5 14. Rad1 exd4 15. Bxd4 Ne5 16. Qc1 Nf4 17. Qe3 Bd6 18. Rg1 0-0-0 19. Bf1 Qh4 20. Rg3 Bc7 21. Rc1 Ne6 22. Bb6 Nxf3 23. Qxf3 Bxb6 24. Nd5 Bc5 25. Qxf7 Qxe4+ 26. Bg2 Qe5 27. f4 Qd6 28. f5 Nc7 29. Qxc7+ Qxc7 30. Nxc7 Kxc7 31. Rxg7+ Kb6 32. Rf1 Bd4 33. Rg3 Bf6 34. Rb3+ Kc7 35. Re3 Rhe8 36. Rh3 Re7 37. b3 Rd2 38. Rh6 Rf7 39. Bf3 Be5 40. Be4 Rd4 41. Bc2 Rd6 42. f6 Rfxf6 43. Rfxf6 Bxf6 44. Rxh7+ Rd7 1/2-1/2

[Event "Las Vegas National op"]
[Site "Las Vegas"]
[Date "2024.06.07"]
[Round "4"]
[White "Daggupati, Balaji"]
[Black "Milchev, Nikolay"]
[Result "1-0"]
[WhiteElo "2490"]
[BlackElo "2386"]
[PlyCount "85"]
[EventDate "2024.06.03"]
[EventType "swiss"]
[EventRounds "9"]
[EventCountry "USA"]
[SourceTitle "CBM 220 Extra"]
[Source "ChessBase"]
[SourceDate "2024.07.31"]
[SourceVersion "1"]
[SourceVersionDate "2024.07.31"]
[SourceQuality "1"]

1. e4 Nf6 2. e5 Nd5 3. d4 d6 4. c4 Nb6 5. exd6 cxd6 6. Nc3 g6 7. h3 Bg7 8. Nf3 0-0 9. Be2 Be6 10. d5 Bc8 11. Be3 N8d7 12. 0-0 Nc5 13. Bd4 e5 14. dxe6 Bxe6 15. b3 Bh6 16. Nh2 Bf4 17. Ng4 f5 18. Ne3 Qg5 19. Bf3 Rf7 20. Ned5 Nxd5 21. Nxd5 Be5 22. Re1 Ne4 23. Qd3 Bxd5 24. Bxe5 Bxc4 25. Qxc4 dxe5 26. Bxe4 fxe4 27. Rxe4 Qf5 28. f3 Rd8 29. Rae1 Rd2 30. R1e2 Rd1+ 31. Kf2 Qd7 32. Qc5 b6 33. Qxe5 Qd6 34. Qc3 Rc7 35. Qe3 Ra1 36. Qh6 Qc5+ 37. Kg3 Qd6+ 38. f4 Rc3+ 39. Kh2 Rc8 40. Re7 Qf6 41. Qxh7+ Kf8 42. Qh6+ Kg8 43. Re8+ 1-0

[Event "Titled Tuesday intern op 02nd Jan Late"]
[Site "Chess.com INT"]
[Date "2024.01.02"]
[Round "3"]
[White "Caruana, Fabiano"]
[Black "Daggupati, Balaji"]
[Result "1-0"]
[WhiteElo "2804"]
[BlackElo "2486"]
[PlyCount "61"]
[EventDate "2024.01.02"]
[EventType "swiss (blitz)"]
[EventRounds "11"]
[EventCountry "USA"]
[SourceTitle "EXT 2025"]
[Source "ChessBase"]
[SourceDate "2024.10.14"]
[SourceVersion "1"]
[SourceVersionDate "2024.10.14"]
[SourceQuality "1"]

1. e4 c5 2. Nf3 e6 3. c3 d5 4. e5 d4 5. d3 Nc6 6. g3 h6 7. Bg2 g5 8. 0-0 Bg7 9. Na3 Nxe5 10. Nxe5 Bxe5 11. Re1 Bg7 12. cxd4 cxd4 13. Bd2 Ne7 14. Rc1 0-0 15. Bb4 a5 16. Bc5 Rb8 17. Nb5 Bd7 18. Nd6 b6 19. Ba3 b5 20. Nb7 Qe8 21. Bd6 Rc8 22. Nxa5 f5 23. Rxc8 Bxc8 24. Qb3 Rf7 25. Rxe6 Bxe6 26. Qxe6 Kh7 27. Bd5 Rf6 28. Qxe7 Qc8 29. Be5 Rg6 30. Nc6 Kh8 31. Qf7 1-0

[Event "USA-ch U20"]
[Site "Saint Louis"]
[Date "2023.07.18"]
[Round "4"]
[White "Stearman, Josiah P"]
[Black "Daggupati, Balaji"]
[Result "0-1"]
[WhiteElo "2444"]
[BlackElo "2494"]
[PlyCount "82"]
[EventDate "2023.07.15"]
[EventType "tourn"]
[EventRounds "9"]
[EventCountry "USA"]
[EventCategory "9"]
[SourceTitle "CBM 215 Extra"]
[Source "ChessBase"]
[SourceDate "2023.09.30"]
[SourceVersion "1"]
[SourceVersionDate "2023.09.30"]
[SourceQuality "1"]

1. e4 c5 2. Nf3 e6 3. d4 cxd4 4. Nxd4 Nf6 5. Nc3 Nc6 6. Nxc6 bxc6 7. e5 Nd5 8. Ne4 c5 9. a3 Bb7 10. c4 Nb4 11. axb4 Bxe4 12. b5 a6 13. bxa6 Qb6 14. Qa4 Qb8 15. f4 Be7 16. h4 f6 17. a7 Qb7 18. Rh3 fxe5 19. Rb3 Rxa7 20. Rxb7 Bxh4+ 21. Kd1 Rxa4 22. Rxa4 Bxb7 23. b4 exf4 24. Ra7 Be4 25. b5 Ke7 26. Bxf4 Rf8 27. g3 g5 28. Be3 Rxf1+ 29. Ke2 Rf5 30. gxh4 gxh4 31. b6 Kd6 32. b7 Kc7 33. b8R+ Kxb8 34. Rxd7 Rh5 35. Bf4+ Kc8 36. Rd2 h3 37. Ke3 Bg2 38. Kf2 Rf5 39. Kg3 Rxf4 40. Kxf4 h2 41. Rxg2 h1Q 0-1

[Event "Titled Tuesday intern op 27th Jun Late"]
[Site "Chess.com INT"]
[Date "2023.06.27"]
[Round "3"]
[White "Daggupati, Balaji"]
[Black "Andreikin, Dmitry"]
[Result "0-1"]
[WhiteElo "2494"]
[BlackElo "2729"]
[PlyCount "138"]
[EventDate "2023.06.27"]
[EventType "swiss (blitz)"]
[EventRounds "11"]
[EventCountry "USA"]
[SourceTitle "EXT 2024"]
[Source "ChessBase"]
[SourceDate "2023.10.10"]
[SourceVersion "1"]
[SourceVersionDate "2023.10.10"]
[SourceQuality "1"]

1. e4 c5 2. Nf3 e6 3. d4 cxd4 4. Nxd4 Nc6 5. Nc3 a6 6. Be2 Qc7 7. 0-0 Nf6 8. Kh1 Be7 9. f4 d6 10. Be3 0-0 11. Qe1 Nxd4 12. Bxd4 b5 13. Qg3 Bb7 14. a3 Rad8 15. Rae1 Qd7 16. Bd3 Nh5 17. Qg4 Nf6 18. Qg3 Ne8 19. f5 Bf6 20. e5 dxe5 21. Bxe5 Bxe5 22. Rxe5 Nf6 23. Ne2 Kh8 24. fxe6 fxe6 25. Qh4 Kg8 26. Rg5 h6 27. Qxh6 Ne4 28. Rxf8+ Rxf8 29. Bxe4 Rf1+ 30. Ng1 Bxe4 31. Rg3 Bxc2 32. Qe3 Bf5 33. h3 Qd6 34. Qg5 Qd4 35. Qe3 Qxb2 36. Kh2 Qf2 37. Qxf2 Rxf2 38. Nf3 Be4 39. Nd4 Bd5 40. Kg1 Rd2 41. Rg4 Kf7 42. Nf3 Bxf3 43. Rf4+ Ke7 44. Rxf3 a5 45. Rb3 Rd5 46. Kf2 a4 47. Rb4 Kd6 48. Ke2 Kc5 49. Rg4 g5 50. Re4 Kd6 51. Rb4 Kc5 52. Re4 e5 53. Rg4 Rd4 54. Rxg5 Kd5 55. Rg8 b4 56. axb4 Rxb4 57. Ra8 Kd4 58. Kf3 e4+ 59. Kf4 Kd3 60. Re8 a3 61. Ra8 e3+ 62. Kf3 Rb3 63. Rd8+ Kc2 64. Ke2 a2 65. Ra8 Kb2 66. g4 Ra3 67. Rb8+ Kc3 68. Rc8+ Kd4 69. Rd8+ Ke5 0-1

[Event "Titled Tuesday intern op 20th Jun Late"]
[Site "Chess.com INT"]
[Date "2023.06.20"]
[Round "1"]
[White "Daggupati, Balaji"]
[Black "Luo, Terry"]
[Result "1-0"]
[WhiteElo "2494"]
[BlackElo "2353"]
[PlyCount "69"]
[EventDate "2023.06.20"]
[EventType "swiss (blitz)"]
[EventRounds "11"]
[EventCountry "USA"]
[SourceTitle "EXT 2024"]
[Source "ChessBase"]
[SourceDate "2023.10.10"]
[SourceVersion "1"]
[SourceVersionDate "2023.10.10"]
[SourceQuality "1"]

1. e4 e5 2. Nf3 Nc6 3. Bb5 a6 4. Ba4 Nge7 5. c3 Ng6 6. 0-0 d5 7. d3 Be7 8. Re1 0-0 9. h3 Be6 10. Nbd2 f6 11. Nf1 Qd7 12. Ne3 dxe4 13. dxe4 Qxd1 14. Rxd1 b5 15. Bb3 Kf7 16. Nd5 Bd6 17. Nxc7 Bxc7 18. Rd7+ Nge7 19. Rxc7 Rfd8 20. Be3 Na5 21. Bc5 Re8 22. Bd5 Rac8 23. Rxc8 Rxc8 24. Bb4 Nc4 25. Bxc4 Bxc4 26. a4 Nc6 27. Bc5 Na5 28. Bb6 Nb3 29. Ra3 Rc6 30. Be3 Rd6 31. axb5 axb5 32. Ra7+ Kg6 33. Nh4+ Kh5 34. Rxg7 Rd1+ 35. Kh2 1-0

[Event "Aimchess Play In op"]
[Site "Chess.com INT"]
[Date "2023.06.12"]
[Round "7"]
[White "Daggupati, Balaji"]
[Black "Skliarov, Viktor"]
[Result "1-0"]
[WhiteElo "2494"]
[BlackElo "2383"]
[PlyCount "39"]
[EventDate "2023.06.12"]
[EventType "swiss (rapid)"]
[EventRounds "9"]
[EventCountry "USA"]
[SourceTitle "CBM 214 Extra"]
[Source "ChessBase"]
[SourceDate "2023.07.31"]
[SourceVersion "1"]
[SourceVersionDate "2023.07.31"]
[SourceQuality "1"]

1. e4 c5 2. Nf3 Nc6 3. Bb5 e6 4. d4 cxd4 5. Nxd4 Qb6 6. Nxc6 Qxb5 7. Nd4 Qa6 8. a4 Nf6 9. Nb5 Qc6 10. 0-0 Nxe4 11. Bf4 d6 12. f3 e5 13. fxe4 exf4 14. N1c3 Be7 15. Nd5 Bd8 16. Nd4 Qd7 17. Nf5 g6 18. Qd4 Rg8 19. Nh6 Rf8 20. Rxf4 1-0

[Event "Aimchess Play In op"]
[Site "Chess.com INT"]
[Date "2023.06.12"]
[Round "1"]
[White "Mamedov, Rauf"]
[Black "Daggupati, Balaji"]
[Result "1-0"]
[WhiteElo "2642"]
[BlackElo "2494"]
[PlyCount "95"]
[EventDate "2023.06.12"]
[EventType "swiss (rapid)"]
[EventRounds "9"]
[EventCountry "USA"]
[SourceTitle "CBM 214 Extra"]
[Source "ChessBase"]
[SourceDate "2023.07.31"]
[SourceVersion "1"]
[SourceVersionDate "2023.07.31"]
[SourceQuality "1"]

1. e4 c5 2. Nf3 e6 3. g3 Nc6 4. Bg2 Nf6 5. d3 e5 6. Nc3 d6 7. a3 Be7 8. 0-0 0-0 9. h3 Nd4 10. Nd2 b5 11. Nd5 Nxd5 12. exd5 Bg5 13. a4 b4 14. c3 bxc3 15. bxc3 Nf5 16. h4 Bh6 17. Ne4 Bxc1 18. Qxc1 Ne7 19. Re1 f5 20. Nxc5 f4 21. Ne4 fxg3 22. fxg3 Nxd5 23. Qa3 Qb6+ 24. Kh1 Be6 25. Ng5 Nc7 26. a5 Qa6 27. Nxe6 Nxe6 28. Bxa8 Rxa8 29. Qa2 Re8 30. Qd5 Kh8 31. Rf1 h6 32. Ra2 Nc7 33. Qc4 Qxc4 34. dxc4 e4 35. Rf7 e3 36. Re2 Na6 37. Rf3 Rc8 38. Rexe3 Rxc4 39. Re7 Nc7 40. Rf8+ Kh7 41. Rff7 Nd5 42. Rxg7+ Kh8 43. Rh7+ Kg8 44. Reg7+ Kf8 45. Rxa7 Kg8 46. a6 Rxc3 47. Rag7+ Kf8 48. a7 1-0

[Event "Titled Tuesday intern op 06th Jun Late"]
[Site "Chess.com INT"]
[Date "2023.06.06"]
[Round "3"]
[White "Daggupati, Balaji"]
[Black "Aggelis, Nikolaos"]
[Result "1-0"]
[WhiteElo "2494"]
[BlackElo "2270"]
[PlyCount "79"]
[EventDate "2023.06.06"]
[EventType "swiss (blitz)"]
[EventRounds "11"]
[EventCountry "USA"]
[SourceTitle "EXT 2024"]
[Source "ChessBase"]
[SourceDate "2023.10.10"]
[SourceVersion "1"]
[SourceVersionDate "2023.10.10"]
[SourceQuality "1"]

1. e4 c6 2. d4 d5 3. Nc3 dxe4 4. Nxe4 Nf6 5. Nxf6+ exf6 6. c3 Bd6 7. Bd3 Qc7 8. Qc2 h5 9. Nf3 0-0 10. Be3 Re8 11. 0-0-0 Nd7 12. h3 Bf4 13. g4 Bxe3+ 14. fxe3 Rxe3 15. Nh4 Nf8 16. gxh5 Qg3 17. Ng2 Re8 18. Rdg1 Be6 19. Ne1 Qe3+ 20. Kb1 Bd5 21. Ng2 Qg3 22. c4 Qxd3 23. Qxd3 Be4 24. Kc2 Bxd3+ 25. Kxd3 Rad8 26. Nf4 Ne6 27. Nxe6 Rxe6 28. Rg4 Rde8 29. Rhg1 Re2 30. Rxg7+ Kh8 31. R1g3 Rxb2 32. Rxf7 Rxa2 33. Rgg7 Ra3+ 34. Kd2 Ra2+ 35. Kc3 Ra3+ 36. Kb4 Rxh3 37. Rh7+ Kg8 38. Rfg7+ Kf8 39. Rxb7 a6 40. Rh8# 1-0

[Event "Titled Tuesday intern op 06th Jun Late"]
[Site "Chess.com INT"]
[Date "2023.06.06"]
[Round "1"]
[White "Daggupati, Balaji"]
[Black "Kaplan, Avi Harrison"]
[Result "0-1"]
[WhiteElo "2494"]
[BlackElo "2110"]
[PlyCount "50"]
[EventDate "2023.06.06"]
[EventType "swiss (blitz)"]
[EventRounds "11"]
[EventCountry "USA"]
[SourceTitle "EXT 2024"]
[Source "ChessBase"]
[SourceDate "2023.10.10"]
[SourceVersion "1"]
[SourceVersionDate "2023.10.10"]
[SourceQuality "1"]

1. e4 b6 2. d4 Bb7 3. Nc3 e6 4. Bd3 f5 5. exf5 Bxg2 6. Qh5+ g6 7. fxg6 Bg7 8. gxh7+ Kf8 9. hxg8Q+ Kxg8 10. Qg4 Bxh1 11. Bg5 Qf8 12. 0-0-0 Nc6 13. f3 Qf7 14. h4 Nxd4 15. Qh3 Bxf3 16. Rf1 Rf8 17. Be4 Qh5 18. Nxf3 Nxf3 19. Be3 Ne5 20. Rxf8+ Kxf8 21. Qf1+ Qf7 22. Qe1 Bh6 23. Nb5 Bxe3+ 24. Qxe3 Qf1+ 25. Kd2 Nc4+ 0-1

[Event "Titled Tuesday intern op 06th Jun Late"]
[Site "Chess.com INT"]
[Date "2023.06.06"]
[Round "6"]
[White "Kevlishvili, Robby"]
[Black "Daggupati, Balaji"]
[Result "0-1"]
[WhiteElo "2539"]
[BlackElo "2494"]
[PlyCount "90"]
[EventDate "2023.06.06"]
[EventType "swiss (blitz)"]
[EventRounds "11"]
[EventCountry "USA"]
[SourceTitle "EXT 2024"]
[Source "ChessBase"]
[SourceDate "2023.10.10"]
[SourceVersion "1"]
[SourceVersionDate "2023.10.10"]
[SourceQuality "1"]

1. e4 c5 2. Nf3 e6 3. d4 cxd4 4. Nxd4 Nf6 5. Nc3 Nc6 6. Ndb5 d6 7. Bf4 e5 8. Bg5 a6 9. Na3 b5 10. Nd5 Be7 11. Bxf6 Bxf6 12. c3 Bg5 13. Nc2 0-0 14. a4 bxa4 15. Rxa4 a5 16. Bc4 Rb8 17. Ra2 Kh8 18. Nce3 g6 19. 0-0 f5 20. exf5 gxf5 21. Be2 Be6 22. b3 e4 23. Nc4 f4 24. Bg4 Bg8 25. Re1 Rb5 26. Rd2 Re8 27. Na3 Rc5 28. c4 f3 29. Rc2 fxg2 30. Qa1+ Ne5 31. Rxe4 Bxd5 32. cxd5 Qf6 33. Rxc5 Nf3+ 34. Kxg2 Nh4+ 35. Kh3 Qxa1 36. Rxe8+ Kg7 37. Rc7+ Kh6 38. Re6+ Bf6 39. Be2 Ng6 40. Rc4 Be5 41. Rh4+ Kg7 42. Rg4 Qb2 43. Bd3 Qxb3 44. Re7+ Kf8 45. Rxh7 Qxa3 0-1